000 00381nam a2200157Ia 4500
003 GCL
008 140319s9999 xx 000 0 eng d
040 _aGCL /
_cGCL
082 0 4 _a745.582
_bW B
100 1 _aWITHERS, SARA
245 1 0 _aBEAD WORK /
_cWITHERS, SARA
260 _a[S.N] :
_bTHE APPLE PRESS ،
_c1995
650 0 4 _aHANDICRAFTS
650 0 4 _aBEADS
942 _2ddc
_cBK
999 _c13316
_d13316